Methodological thinking: (Record no. 1666)
[ view plain ]
| 000 -LEADER | |
|---|---|
| fixed length control field | 00602nam a22001817a 4500 |
| 005 - DATE AND TIME OF LATEST TRANSACTION | |
| control field | 20230309052256.0 |
| 008 - FIXED-LENGTH DATA ELEMENTS--GENERAL INFORMATION | |
| fixed length control field | 230309b |||||||| |||| 00| 0 eng d |
| 020 ## - INTERNATIONAL STANDARD BOOK NUMBER | |
| International Standard Book Number | 978-1-4129-9720-1 |
| 082 ## - DEWEY DECIMAL CLASSIFICATION NUMBER | |
| Classification number | G.S. 300.72 L879 2013 |
| 100 ## - MAIN ENTRY--PERSONAL NAME | |
| Personal name | Loseke, Donileen R. |
| Relator term | author |
| 245 ## - TITLE STATEMENT | |
| Title | Methodological thinking: |
| Remainder of title | basic principles of social research design / |
| Statement of responsibility, etc. | Donileen R. Loseke |
| 260 ## - PUBLICATION, DISTRIBUTION, ETC. | |
| Place of publication, distribution, etc. | Los Angeles: |
| Name of publisher, distributor, etc. | Sage Publications, |
| Date of publication, distribution, etc. | c2013. |
| 300 ## - PHYSICAL DESCRIPTION | |
| Extent | xvii, 194p. |
| 504 ## - BIBLIOGRAPHY, ETC. NOTE | |
| Bibliography, etc. note | Includes index |
| 541 ## - IMMEDIATE SOURCE OF ACQUISITION NOTE | |
| Accession number | 4753 |
| 650 ## - SUBJECT ADDED ENTRY--TOPICAL TERM | |
| Topical term or geographic name entry element | Social sciences - Methodology |
| 650 ## - SUBJECT ADDED ENTRY--TOPICAL TERM | |
| Topical term or geographic name entry element | Social sciences - Research - Methodology |
| Withdrawn status | Lost status | Source of classification or shelving scheme | Damaged status | Not for loan | Home library | Current library | Date acquired | Total Checkouts | Full call number | Barcode | Date last seen | Copy number | Price effective from | Koha item type |
|---|---|---|---|---|---|---|---|---|---|---|---|---|---|---|
| Dewey Decimal Classification | ctu-moalboal | ctu-moalboal | 05/06/2016 | G.S. 300.72 L879 2013 | 4753 | 03/09/2023 | 1 | 03/09/2023 | Books - Graduate School |